Регионална библиотека "Любен Каравелов" - Русе

Лакомото мече (Запис номер 492152)

MARC детайли
000 -Лидер
Контролно поле с фиксирана дължина 01743nam a2200361 a 4500
003 - Код на организацията, давaща контролен номер
Контролно поле BLK
005 - Дата и час на последна редакция
Контролно поле 20240921004004.0
008 - Елементи от данни с фиксирана дължина
fixed length control field 180413b bul|||||r ||||||| ||bul||
010 ## - Наследен системен номер
LC control number KNG00021975000
020 ## - Международен стандартен номер на книга ISBN
Международен стандартен номер на книга ISBN 9786192403744
040 ## - Източник на каталожния запис
Идентификатор на билиотеката - собственик на записа BLK
041 ## - Код за език
Код за езика на текст/звукозапис или на отделно заглавие Български
Код за езика КДБФ Български
080 ## - УДК
Текстов определител УДК Българска литература
УДК код - определител по УДК 821.163.2
УДК определител -93-34
УДК - код + определител 821.163.2-93-34
100 1# - Редна дума - Автор
Автор Станев, Емилиян
Пълна форма на името Станев, Никола Стоянов
Дати, свързани с автора 1907-1979
R(LIN) 363786
139 ## - Редно поле
Редна дума Станев, Емилиян
Авторски знак Стан - С 68
245 10 - Сведения за заглавието
Заглавие Лакомото мече
Подзаглавни данни Приказки
Редно поле (дума) Емилиян Станев ; подб. Цанко Лалев ; ил. Венцислав Кръстев.
250 ## - Област на изданието
Сведения за изданието [2. изд.]
257 ## - Страна на издаване
Страна на създаване/издаване България
260 ## - Област на издателските данни
Място на издаване, разпространение и проч. София
Име на издателя, разпространителя и проч. Пан
Година на издаване 2021
Печатница София : ИнвестПрес
300 ## - Физическа характеристика
Страници 158 с.
Илюстрации и др. с ил.
Размери/Мащаб 20 см
380 ## - Жанр
Жанр Детска худож. лит.
490 ## - СЕРИИ (Колекции)
Име на серия Поредица Българска класика за деца
9 (RLIN) 204419
500 ## - Общи забележки
Забележка Емилиян Станев - псевд. на авт. Никола Стоянов Станев. - Пълната форма на името на състав. Цанко Лалев е Цанко Лалев Дулев. - 1. изд. 1998. - Биогр. данни за авт. отбелязани на гърба на кор.
700 ## - Други автори (авторска отговорност)
Лично име Лалев, Цанко
Пълна форма на името Дулев, Цанко Лалев
9 (RLIN) 363801
700 1# - Други автори (авторска отговорност)
Лично име Дулев, Цанко Лалев
9 (RLIN) 248354
700 1# - Други автори (авторска отговорност)
Лично име Станев, Никола Стоянов
9 (RLIN) 249664
700 1# - Други автори (авторска отговорност)
Лично име Кръстев, Венцислав
Автороска отговорност (Описва отношението между автора и произведението) ил.
9 (RLIN) 84640
852 ## - Местоположение
Форматна сигнатура Цб 318235
Фондова буква Хранилище
856 4# - Електронен адрес и достъп
Електронен формат pdf - файл
Път до файла /url/
Инструкция (цена за достъп) 0.00
Права за достъп disable
856 4# - Електронен адрес и достъп
Електронен формат pdf - файл
Път до файла /url/
Инструкция (цена за достъп) 0.00
Права за достъп disable
942 ## - АРТИКУЛИ
Вид на библиотечния материал Книги
Скрит в OPAC Не
Периодичен библиозапис Да
944 ## - СЪЗДАВАНЕ И РЕДАКЦИЯ на ЗАПИСА
Създаване/Редакция Създаване
Статус, дата на статуса CRON CRON
Служител, извършил регистрацията/редакцията
999 ## - СИСТЕМНИ КОНТРОЛНИ НОМЕРА
Koha biblionumber 492152
Koha biblioitemnumber 492152
Наличности
Код за отписване Код за изгубен артикул Източник на класификационната схема Код за повреда Коз за рестрикции Код за отдаване Артикулен № Име на библиотеката - собственик Име на библиотеката, в която се намира в момента Статус (Текущо местоположение) Дата на вписване в системата Местоположение - отдел Цена в лева Инвентарен номер Систематично азбучна сигнатура Баркод Цена в евро Служебен тип на артикула
  Не е изгубен Universal Decimal Classification Не е повреден само за читалня ползва се в читалня 929389 Регионална библиотека "Любен Каравелов" Русе Регионална библиотека "Любен Каравелов" Русе Хранилище 2023-07-11 Хранилище 5.50 120000889016 Цб 318235 120000889016 2.81 Книги
Vip Innovations Ltd, Rousse, Bulgaria 2025